Risk Systems

Αποθηκεύτηκε σε:
Λεπτομέρειες βιβλιογραφικής εγγραφής
Κύριος συγγραφέας: Tabak, Daniel 1934-
Μορφή: Βιβλίο
Γλώσσα:English
Δημοσίευση: Taunton, Somerset, New York : Research Studies,
Σειρά:Industrial control, computers, and communications series ; ; 4
Θέματα:
Ετικέτες: Προσθήκη ετικέτας
Δεν υπάρχουν, Καταχωρήστε ετικέτα πρώτοι!

MARC

LEADER 00000nam a2200000 i 4500
001 1/50201
008 960404s1990 eng d
020 |a 0-471-92694-9 
020 |a 0-86380-100-5 
035 |l 10026963 
040 |a GR-MY-UA  |b gre  |e aacr 
041 0 |a eng 
082 0 |a 004.22 
100 1 |a Tabak, Daniel  |d 1934- 
245 1 0 |a Risk Systems /  |c Daniel Tabak 
260 |a Taunton, Somerset, New York :   |b Research Studies,  
490 1 |a Industries control, computers, and communications series  |v ; 4 
650 0 0 |a Reduced instruction set computers. 
650 0 0 |a Computer architecture. 
830 0 |a Industrial control, computers, and communications series ;  |v ; 4 
852 |a INST  |b CHIOS  |e 19960404  |h 004.22 TAB  |p 005200002281  |q 005200002281  |t BK  |y 0 
909 |a Χ  |b 030988